| 000 | 00986nam a22003011i 4500 | ||
|---|---|---|---|
| 001 | 015890838 | ||
| 003 | EG-ScBUE | ||
| 005 | 20260215111820.0 | ||
| 008 | 110905t2011 enk f b 001 0 eng d | ||
| 020 | _a9780857207289 (pbk.) | ||
| 040 |
_aStDuBDS _beng _erda _cStDuBDS _dUk _dEG-ScBUE |
||
| 082 | 0 | 4 |
_a158.2 _222 _bHOW |
| 245 | 0 | 0 |
_aHow to win friends and influence people in the digital age / _cDale Carnegie Training. |
| 264 | 1 |
_aLondon : _bSimon & Schster, _c[2011] |
|
| 264 | 4 | _cc2011 | |
| 300 |
_avii, 245 pages ; _c24 cm |
||
| 336 |
_atext _2rdacontent _btxt |
||
| 337 |
_aunmediated _2rdamedia _bn |
||
| 338 |
_avolume _2rdacarrier _bnc |
||
| 504 | _aIncludes bibliographical references and index. | ||
| 650 | 7 |
_aInterpersonal relations. _2BUEsh |
|
| 650 | 7 |
_aSelf-actualization (Psychology) _2BUEsh |
|
| 650 | 7 |
_aOnline social networks. _2BUEsh |
|
| 653 |
_cFebruary2026 _bGGEN |
||
| 655 | _vReading book | ||
| 710 | 2 | _aDale Carnegie Training (Firm) | |
| 942 |
_2ddc _cBB |
||
| 999 |
_c31130 _d31101 |
||